|
|
|
|
| LEADER |
01318cam a22002891 4500 |
| 001 |
8874095 |
| 003 |
GR-PaULI |
| 005 |
20220920135805.0 |
| 008 |
740318s1957 dcua 000 0 eng |
| 952 |
|
|
|0 0
|1 0
|2 ddc
|4 0
|6 631_524000000000000_CAM
|7 0
|9 145347
|a LISP
|b LISP
|c BSC
|d 2016-04-24
|i 26184
|l 0
|o 631.524 CAM
|p 025000026377
|r 2016-04-24 00:00:00
|t 1
|v 2016.00
|w 2016-04-24
|y BK15
|
| 999 |
|
|
|c 94620
|d 94620
|
| 010 |
|
|
|a 57011496
|
| 040 |
|
|
|a DLC
|c GR-PaULI
|d
|b gre
|e AACR2
|
| 082 |
0 |
4 |
|a 631.524
|2 23
|
| 100 |
1 |
|
|a Camp, Wendell Holmes,
|d 1904-1963
|9 129884
|e συγγραφέας.
|
| 245 |
1 |
4 |
|a The world in your garden /
|c by Wendell H. Camp, Victor R. Boswell, John R. Magness ; foreword by Melville Bell Grosvenor ; paintings by Else Bostelmann.
|
| 260 |
|
|
|a Washington :
|b National Geographic Society,
|c [1957].
|
| 300 |
|
|
|a 231 σ. :
|b εικ. :
|c 27 εκ.
|
| 490 |
1 |
|
|a National Geographic natural science library
|
| 500 |
|
|
|a
|
| 650 |
|
4 |
|a Φυτά
|9 22223
|x Αναπαραγωγή
|
| 700 |
|
|
|a Boswell, Victor R.
|d 1900-
|q (Victor Rickman),
|e συγγραφέας.
|9 129885
|
| 700 |
|
|
|9 130695
|a Grosvenor, Melville Bell
|e συγγραφέας.
|
| 710 |
|
|
|a National Geographic Society (U.S.)
|9 7221
|
| 830 |
|
0 |
|9 193940
|a National Geographic natural science library
|
| 942 |
|
|
|2 ddc
|c BK15
|
| 998 |
|
|
|c ΜΠΟΥΡΑΣ
|d 2022-09
|